Angličtina učitele angličtiny /

Hlavní autor: Betáková, Lucie, 1968-
Jazyk: Čeština
Angličtina
Vydáno: Plzeň : Fraus, 2013
Vydání: 2. vyd.
Témata:
Fyzický popis: 204 s. : il. ; 21 cm
Knihy
Uloženo v:
LEADER 01594nam a2200457 a 4500
001 nkc20132467487
003 CZ PrNK
005 20130926095436.0
007 ta
008 130904s2013 xr a e f 000 0 cze
015 |a cnb002467487 
020 |a 978-80-7238-987-2  |q (brož.)  |z 978-80-72-38-987-2 
035 |a (OCoLC)859737770 
040 |a ABA001  |b cze  |d OLA001 
041 0 |a cze  |a eng 
072 7 |a 811.111  |x Angličtina  |2 Konspekt  |9 11 
080 |a 811.111  |2 MRF 
080 |a 81'24  |2 MRF 
080 |a 81'373.74  |2 MRF 
080 |a (072)  |2 MRF 
100 1 |a Betáková, Lucie,  |d 1968-  |7 mzk2005300706  |4 aut 
245 1 0 |a Angličtina učitele angličtiny /  |c Lucie Betáková ; [ilustrace Jaroslav Křišťan] 
250 |a 2. vyd. 
260 |a Plzeň :  |b Fraus,  |c 2013 
300 |a 204 s. :  |b il. ;  |c 21 cm 
500 |a Obálkový podnázev: jak správně vést hodinu angličtiny v angličtině 
500 |a Součástí pub. je nahrávka v mp3 (ke stažení na www.fraus.cz) 
504 |a Obsahuje bibliografii 
650 0 7 |a angličtina  |7 ph114056  |2 czenas 
650 0 7 |a jazyková výuka  |7 ph162894  |2 czenas 
650 0 7 |a fráze  |7 ph135256  |2 czenas 
650 0 9 |a English language  |2 eczenas 
650 0 9 |a language teaching and learning  |2 eczenas 
650 0 9 |a phrases  |2 eczenas 
655 7 |a metodické příručky  |7 fd132826  |2 czenas 
655 9 |a methodological manuals  |2 eczenas 
910 2 |a BOA001  |b 2-1310.425 
990 |a BK 
995 |a 01 
991 |b 201309  |c NOV  |e n 
996 6 |b 2610562320  |c 2-1310.425  |l MZK  |r Sklad / do 1 hodiny  |n 3  |p p.v.  |w 001361280  |u 000010  |a 1  |e BOA001  |j MZK50  |s P